000 00196nmm a2200085Ia 4500
008 220120s9999||||xx |||||||||||||||||und||
100 _aIT
_910698
245 0 _aChallenge the champion
260 _c2005
999 _c138530
_d138530